<?xml version="1.0" encoding="UTF-8"?>
<record
    xmlns:xsi="http://www.w3.org/2001/XMLSchema-instance"
    xsi:schemaLocation="http://www.loc.gov/MARC21/slim http://www.loc.gov/standards/marcxml/schema/MARC21slim.xsd"
    xmlns="http://www.loc.gov/MARC21/slim">

  <leader>00375nam a2200133 a 4500</leader>
  <datafield tag="999" ind1=" " ind2=" ">
    <subfield code="c">9391</subfield>
    <subfield code="d">9391</subfield>
  </datafield>
  <datafield tag="020" ind1=" " ind2=" ">
    <subfield code="a">0470609613(Paperback)</subfield>
  </datafield>
  <datafield tag="082" ind1=" " ind2=" ">
    <subfield code="a">621.31937ARO</subfield>
  </datafield>
  <datafield tag="100" ind1="1" ind2=" ">
    <subfield code="a">Arora Ravindra</subfield>
  </datafield>
  <datafield tag="245" ind1="1" ind2="0">
    <subfield code="a">High Voltage Engineering </subfield>
  </datafield>
  <datafield tag="260" ind1=" " ind2=" ">
    <subfield code="a">New Delhi,</subfield>
    <subfield code="b">Khanna Publishers,</subfield>
    <subfield code="c">1996.</subfield>
  </datafield>
  <datafield tag="300" ind1=" " ind2=" ">
    <subfield code="a">XIX,726 p.</subfield>
  </datafield>
  <datafield tag="856" ind1="4" ind2="0">
    <subfield code="u">http://www.amazon.com/exec/obidos/ASIN/B0007CDX1Y/chopaconline-20</subfield>
  </datafield>
  <datafield tag="942" ind1=" " ind2=" ">
    <subfield code="c">BK</subfield>
  </datafield>
  <datafield tag="952" ind1=" " ind2=" ">
    <subfield code="0">0</subfield>
    <subfield code="1">0</subfield>
    <subfield code="4">0</subfield>
    <subfield code="7">0</subfield>
    <subfield code="8">REF</subfield>
    <subfield code="a">REF</subfield>
    <subfield code="b">REF</subfield>
    <subfield code="d">2014-09-04</subfield>
    <subfield code="g">73.20</subfield>
    <subfield code="l">0</subfield>
    <subfield code="o">621.319RAZ  (Shelf - 50C)</subfield>
    <subfield code="p">18596</subfield>
    <subfield code="r">2014-09-04 00:00:00</subfield>
    <subfield code="y">BK</subfield>
  </datafield>
  <datafield tag="952" ind1=" " ind2=" ">
    <subfield code="0">0</subfield>
    <subfield code="1">0</subfield>
    <subfield code="4">0</subfield>
    <subfield code="7">0</subfield>
    <subfield code="a">QUESTCL</subfield>
    <subfield code="b">QUESTCL</subfield>
    <subfield code="d">2014-09-08</subfield>
    <subfield code="g">115.00</subfield>
    <subfield code="l">0</subfield>
    <subfield code="o">621.319RAZ</subfield>
    <subfield code="p">17777</subfield>
    <subfield code="r">2014-09-08 00:00:00</subfield>
    <subfield code="w">2014-09-08</subfield>
    <subfield code="y">BK</subfield>
  </datafield>
  <datafield tag="952" ind1=" " ind2=" ">
    <subfield code="0">0</subfield>
    <subfield code="1">0</subfield>
    <subfield code="4">0</subfield>
    <subfield code="7">0</subfield>
    <subfield code="a">QUESTCL</subfield>
    <subfield code="b">QUESTCL</subfield>
    <subfield code="d">2014-09-08</subfield>
    <subfield code="g">115.00</subfield>
    <subfield code="l">0</subfield>
    <subfield code="o">621.319RAZ</subfield>
    <subfield code="p">17778</subfield>
    <subfield code="r">2014-09-08 00:00:00</subfield>
    <subfield code="w">2014-09-08</subfield>
    <subfield code="y">BK</subfield>
  </datafield>
  <datafield tag="952" ind1=" " ind2=" ">
    <subfield code="0">0</subfield>
    <subfield code="1">0</subfield>
    <subfield code="4">0</subfield>
    <subfield code="7">0</subfield>
    <subfield code="a">QUESTCL</subfield>
    <subfield code="b">QUESTCL</subfield>
    <subfield code="d">2014-09-08</subfield>
    <subfield code="g">115.00</subfield>
    <subfield code="l">0</subfield>
    <subfield code="o">621.319RAZ</subfield>
    <subfield code="p">17779</subfield>
    <subfield code="r">2014-09-08 00:00:00</subfield>
    <subfield code="w">2014-09-08</subfield>
    <subfield code="y">BK</subfield>
  </datafield>
  <datafield tag="952" ind1=" " ind2=" ">
    <subfield code="0">0</subfield>
    <subfield code="1">0</subfield>
    <subfield code="4">0</subfield>
    <subfield code="7">0</subfield>
    <subfield code="a">QUESTCL</subfield>
    <subfield code="b">QUESTCL</subfield>
    <subfield code="d">2014-09-18</subfield>
    <subfield code="g">125.00</subfield>
    <subfield code="l">0</subfield>
    <subfield code="o">621.319RAZ</subfield>
    <subfield code="p">15794</subfield>
    <subfield code="r">2014-09-18 00:00:00</subfield>
    <subfield code="w">2014-09-18</subfield>
    <subfield code="y">BK</subfield>
  </datafield>
  <datafield tag="952" ind1=" " ind2=" ">
    <subfield code="0">0</subfield>
    <subfield code="1">0</subfield>
    <subfield code="4">0</subfield>
    <subfield code="7">0</subfield>
    <subfield code="a">QUESTCL</subfield>
    <subfield code="b">QUESTCL</subfield>
    <subfield code="d">2015-01-08</subfield>
    <subfield code="g">145.00</subfield>
    <subfield code="l">0</subfield>
    <subfield code="o">621.319RAZ</subfield>
    <subfield code="p">12599</subfield>
    <subfield code="r">2015-01-08 00:00:00</subfield>
    <subfield code="w">2015-01-08</subfield>
    <subfield code="y">BK</subfield>
  </datafield>
  <datafield tag="952" ind1=" " ind2=" ">
    <subfield code="0">0</subfield>
    <subfield code="1">0</subfield>
    <subfield code="4">0</subfield>
    <subfield code="7">0</subfield>
    <subfield code="a">QUESTCL</subfield>
    <subfield code="b">QUESTCL</subfield>
    <subfield code="d">2015-01-08</subfield>
    <subfield code="g">145.00</subfield>
    <subfield code="l">0</subfield>
    <subfield code="o">621.319RAZ</subfield>
    <subfield code="p">12600</subfield>
    <subfield code="r">2015-01-08 00:00:00</subfield>
    <subfield code="w">2015-01-08</subfield>
    <subfield code="y">BK</subfield>
  </datafield>
  <datafield tag="952" ind1=" " ind2=" ">
    <subfield code="0">0</subfield>
    <subfield code="1">0</subfield>
    <subfield code="4">0</subfield>
    <subfield code="7">0</subfield>
    <subfield code="a">SLEL</subfield>
    <subfield code="b">SLEL</subfield>
    <subfield code="d">2015-01-08</subfield>
    <subfield code="g">145.00</subfield>
    <subfield code="l">0</subfield>
    <subfield code="o">621.319RAZ</subfield>
    <subfield code="p">12601</subfield>
    <subfield code="r">2015-01-08 00:00:00</subfield>
    <subfield code="y">BK</subfield>
  </datafield>
</record>
